[Event "CAN-ch"]
[Site "Toronto CAN"]
[Date "1978.??.??"]
[Round "12"]
[White "Rohland, Michael"]
[Black "Spraggett, Kevin"]
[Result "1-0"]
[WhiteElo "2200"]
[BlackElo "2450"]
[PlyCount "207"]
[EventDate "1978.??.??"]
[EventType "tourn"]
[EventRounds "15"]
[EventCountry "CAN"]

1. Nf3 Nf6 2. d4 e6 3. c4 d5 4. Nc3 Nbd7 5. Bg5 c6 6. cxd5 exd5 7. e3 Be7 8.
Bd3 Nh5 9. Bxe7 Qxe7 10. O-O g6 11. Rb1 O-O 12. b4 a6 13. a4 Nb6 14. Ne5 Be6
15. b5 axb5 16. axb5 c5 17. dxc5 Qxc5 18. Ne2 Qd6 19. Nf3 Nf6 20. Nfd4 Bd7 21.
Ng3 Rfc8 22. Ra1 Nc4 23. Rxa8 Rxa8 24. Bxc4 dxc4 25. Qf3 Qb6 26. h4 Rc8 27. h5
Nxh5 28. Nxh5 gxh5 29. Qd5 Bg4 30. Rc1 Rc5 31. Qe4 Bd7 32. Ra1 Kg7 33. Qe7 Bc8
34. f4 Qc7 35. Qh4 Bg4 36. f5 h6 37. f6+ Kh7 38. Qf2 Qe5 39. Ra8 Qe4 40. Rf8
Rc7 41. b6 Rd7 42. Ra8 Rd6 43. Rf8 Qg6 44. Qf4 Rxb6 45. Qc7 Rxf6 46. Qxc4 Kg7
47. Rb8 Qb1+ 48. Kh2 Qb6 49. Kg1 h4 50. Qd5 Qb1+ 51. Kh2 Qe1 52. Qe5 b6 53. Qe8
Qg3+ 54. Kg1 Qf2+ 55. Kh1 Qe1+ 56. Kh2 Qg3+ 57. Kg1 Kg6 58. Qe4+ Kg7 59. Qe8
Qf2+ 60. Kh1 Kg6 61. Qe4+ Bf5 62. Qe5 Qe1+ 63. Kh2 Qg3+ 64. Qxg3+ hxg3+ 65.
Kxg3 Be4 66. Re8 Bc6 67. Rc8 Be4 68. Re8 Bd3 69. Rg8+ Kh7 70. Rb8 Be4 71. Kh3
Rf2 72. Rxb6 Rxg2 73. Rf6 Rg7 74. Kh4 Bd5 75. Rf4 Rg1 76. Rg4 Re1 77. Rg3 Be4
78. Kg4 Rf1 79. Kh4 Bg6 80. Rf3 Rh1+ 81. Rh3 Ra1 82. Kg3 Ra5 83. Kf4 Rd5 84.
Rh2 h5 85. Rb2 Ra5 86. e4 Ra1 87. Rb3 Rh1 88. Nf5 Rf1+ 89. Kg5 Rg1+ 90. Rg3 Rh1
91. Rb3 Re1 92. Re3 Ra1 93. Rb3 Ra4 94. Re3 Ra6 95. Rb3 Re6 96. Rb4 Rc6 97. Rb3
Rc4 98. Kf4 Rc1 99. Kg5 Rg1+ 100. Rg3 Rh1 101. Rb3 Bxf5 102. Kxf5 Kh6 103. Rb6+
Kg7 104. Kg5 1-0

[Event "CAN-ch"]
[Site "Toronto CAN"]
[Date "1978.??.??"]
[Round "14"]
[White "Krotki, Jan"]
[Black "Spraggett, Kevin"]
[Result "0-1"]
[WhiteElo "2200"]
[BlackElo "2450"]
[PlyCount "64"]
[EventDate "1978.??.??"]
[EventType "tourn"]
[EventRounds "15"]
[EventCountry "CAN"]

1. e4 c5 2. Nf3 d6 3. d4 cxd4 4. Qxd4 Nc6 5. Bb5 Bd7 6. Bxc6 Bxc6 7. Nc3 Nf6 8.
Bg5 e6 9. O-O Be7 10. Rad1 O-O 11. e5 dxe5 12. Nxe5 Qa5 13. Nxc6 bxc6 14. Ne4
Rfd8 15. Qc3 Qxc3 16. Nxc3 Rdb8 17. Na4 Rb5 18. Bd2 Rd5 19. Be3 Ng4 20. c4 Nxe3
21. fxe3 Re5 22. Rd7 Kf8 23. Rfd1 Bg5 24. Rc7 Bxe3+ 25. Kf1 Rf5+ 26. Ke2 Bf4
27. Rxc6 Bxh2 28. Rd7 Ke8 29. Rb7 Rd8 30. Nc5 Re5+ 31. Kf3 Bg1 32. b4 Re3+ 0-1

[Event "CAN-ch"]
[Site "Toronto CAN"]
[Date "1978.??.??"]
[Round "15"]
[White "Spraggett, Kevin"]
[Black "South, Robert"]
[Result "1-0"]
[WhiteElo "2450"]
[BlackElo "2200"]
[PlyCount "63"]
[EventDate "1978.??.??"]
[EventType "tourn"]
[EventRounds "15"]
[EventCountry "CAN"]

1. e4 e5 2. Nf3 Nc6 3. Bb5 Nf6 4. Qe2 d6 5. d4 Bd7 6. d5 Nb8 7. Bd3 g6 8. c4
Na6 9. Nc3 Nc5 10. Bc2 a5 11. h3 Bg7 12. Bg5 h6 13. Be3 Nh5 14. g3 Qc8 15. Nh4
Bf6 16. Nf5 Bg5 17. Bxc5 dxc5 18. h4 Bd8 19. Ba4 Nf6 20. Bxd7+ Qxd7 21. Ne3 Kf8
22. O-O-O Ne8 23. f4 Bf6 24. Ng4 Qe7 25. Rhf1 Kg7 26. d6 cxd6 27. Nd5 Qe6 28.
f5 gxf5 29. Ngxf6 Nxf6 30. Nc7 Qd7 31. Nxa8 Rxa8 32. Rxf5 1-0

[Event "CAN-op"]
[Site "Fredericton CAN"]
[Date "1977.07.31"]
[Round "9"]
[White "Krotki, Jan"]
[Black "Spraggett, Kevin"]
[Result "1-0"]
[WhiteElo "2171"]
[BlackElo "2405"]
[PlyCount "55"]
[EventDate "1977.07.24"]
[EventType "swiss"]
[EventRounds "10"]
[EventCountry "CAN"]

1. e4 c5 2. Nf3 a6 3. c3 d5 4. exd5 Qxd5 5. d4 Nf6 6. Be2 e6 7. O-O Be7 8. Ne5
cxd4 9. cxd4 O-O 10. Nc3 Qd8 11. Bf3 Nbd7 12. Nxd7 Nxd7 13. Bf4 Ra7 14. d5 e5
15. Be3 Bc5 16. Bxc5 Nxc5 17. b4 Nd7 18. d6 Nf6 19. Qd3 Re8 20. Rfd1 Bd7 21.
Nd5 Nxd5 22. Bxd5 Ba4 23. Bb3 Bc6 24. Qf5 b6 25. Rac1 g6 26. Qd3 Qd7 27. Bxf7+
Kxf7 28. Qc4+ 1-0

[Event "CAN-op"]
[Site "Toronto CAN"]
[Date "1976.08.07"]
[Round "9"]
[White "Spraggett, Kevin"]
[Black "De Firmian, Nick"]
[Result "0-1"]
[WhiteElo "2399"]
[BlackElo "2327"]
[PlyCount "74"]
[EventDate "1976.07.31"]
[EventType "swiss"]
[EventRounds "10"]
[EventCountry "CAN"]

1. e4 c5 2. Nf3 d6 3. d4 cxd4 4. Nxd4 Nf6 5. Nc3 a6 6. g3 g6 7. Bg2 Bg7 8. O-O
O-O 9. h3 Nc6 10. Nde2 Bd7 11. Kh2 Rc8 12. Nd5 Nxd5 13. exd5 Ne5 14. Nd4 Qa5
15. c3 Nc4 16. Qd3 b5 17. Qe4 Rfe8 18. a3 Qc7 19. Rd1 Na5 20. Qc2 Qb6 21. Be3
Nc4 22. Bg5 Bxd4 23. Rxd4 Nxa3 24. Qe2 Nc2 25. Rad1 Nxd4 26. Rxd4 Qc7 27. Qd2
f6 28. Be3 Rcd8 29. Rf4 Bc8 30. Bd4 Rf8 31. h4 Rde8 32. h5 Qd8 33. hxg6 hxg6
34. Rh4 g5 35. Be4 gxh4 36. Qh6 hxg3+ 37. fxg3 Rf7 0-1

[Event "Winter/Hiver op"]
[Site "Montreal CAN"]
[Date "1976.01.31"]
[Round "3"]
[White "Spraggett, Kevin"]
[Black "Groleau, Gilles"]
[Result "1-0"]
[WhiteElo "2338"]
[BlackElo "1806"]
[PlyCount "49"]
[EventDate "1976.01.30"]
[EventType "swiss"]
[EventRounds "5"]
[EventCountry "CAN"]

1. e4 c5 2. Nf3 d6 3. d4 cxd4 4. Nxd4 Nf6 5. Nc3 g6 6. Be3 Bg7 7. f3 Nc6 8. Qd2
O-O 9. Bc4 Bd7 10. h4 Rc8 11. Bb3 h5 12. O-O-O Ne5 13. Kb1 Nc4 14. Bxc4 Rxc4
15. Nde2 a5 16. Bg5 Nh7 17. Bh6 Bxh6 18. Qxh6 Nf6 19. Rd3 Qb6 20. Nf4 e6 21.
Rhd1 Rc6 22. e5 dxe5 23. Nxg6 fxg6 24. Qxg6+ Kh8 25. Rxd7 1-0

[Event "Winter/Hiver op"]
[Site "Montreal CAN"]
[Date "1976.02.01"]
[Round "5"]
[White "Spraggett, Kevin"]
[Black "Levtchouk, George"]
[Result "1-0"]
[WhiteElo "2338"]
[BlackElo "1875"]
[PlyCount "57"]
[EventDate "1976.01.30"]
[EventType "swiss"]
[EventRounds "5"]
[EventCountry "CAN"]

1. g3 g6 2. Bg2 Bg7 3. f4 Nf6 4. e4 d6 5. Nc3 c5 6. Nf3 Nc6 7. d3 O-O 8. O-O
Rb8 9. h3 Bd7 10. Be3 b5 11. a3 a5 12. g4 b4 13. axb4 axb4 14. Ne2 c4 15. b3
cxd3 16. cxd3 Ne8 17. Rb1 Nc7 18. Qd2 Nb5 19. d4 Na3 20. Rb2 Na5 21. f5 Bb5 22.
Bh6 Bxe2 23. Bxg7 Kxg7 24. Qxe2 Qc7 25. Qf2 Qc3 26. Re2 Qxb3 27. e5 dxe5 28.
Nxe5 Rbd8 29. Re3 1-0

[Event "Mauricie op"]
[Site "Shawinigan CAN"]
[Date "1975.11.01"]
[Round "1"]
[White "Spraggett, Kevin"]
[Black "Thivierge, Jeannine"]
[Result "1-0"]
[WhiteElo "2218"]
[BlackElo "1225"]
[PlyCount "77"]
[EventDate "1975.11.01"]
[EventType "swiss"]
[EventRounds "5"]
[EventCountry "CAN"]

1. e4 c5 2. Nf3 d6 3. d4 cxd4 4. Nxd4 Nf6 5. Nc3 a6 6. g3 e5 7. Nde2 Be6 8. Bg2
Be7 9. O-O O-O 10. h3 Qd7 11. Kh2 Rd8 12. Nd5 Bxd5 13. exd5 Qb5 14. a4 Qc5 15.
Be3 Qc7 16. g4 Nbd7 17. Ng3 Rac8 18. c3 Nb6 19. Nf5 Nc4 20. Bc1 Bf8 21. b3 Na5
22. c4 Nxc4 23. bxc4 Qxc4 24. Bg5 Rc5 25. Rc1 Qb4 26. Rxc5 dxc5 27. Bxf6 gxf6
28. d6 Rd7 29. f4 exf4 30. Qa1 Bxd6 31. Qxf6 Bf8 32. Qg5+ Kh8 33. Rxf4 Qb2 34.
Re4 Rd2 35. Ne3 Bd6+ 36. Kh1 Qa1+ 37. Bf1 Qg7 38. Qd8+ Bf8 39. Qxd2 1-0

[Event "Mauricie op"]
[Site "Shawinigan CAN"]
[Date "1975.11.01"]
[Round "2"]
[White "Desmarais, Richard"]
[Black "Spraggett, Kevin"]
[Result "0-1"]
[WhiteElo "1526"]
[BlackElo "2218"]
[PlyCount "78"]
[EventDate "1975.11.01"]
[EventType "swiss"]
[EventRounds "5"]
[EventCountry "CAN"]

1. e4 c5 2. Nf3 Nc6 3. d4 cxd4 4. Nxd4 Nf6 5. Nc3 e5 6. Ndb5 d6 7. Bg5 a6 8.
Na3 b5 9. Nd5 Be7 10. Nxe7 Qxe7 11. Bd3 h6 12. Bh4 Be6 13. f3 O-O 14. O-O Qa7+
15. Bf2 Qb7 16. c3 d5 17. Nc2 Rad8 18. Qe2 dxe4 19. fxe4 Rd7 20. h3 Nh5 21.
Qxh5 Rxd3 22. Rad1 Rfd8 23. Rxd3 Rxd3 24. Be3 Qd7 25. Rf3 Bxa2 26. Rg3 Qe6 27.
Ne1 Rd6 28. Nf3 Bb1 29. Qh4 Kh8 30. Bc5 Rd8 31. Kh2 Qf6 32. Qxf6 gxf6 33. Be3
Bxe4 34. Bxh6 Bg6 35. Nh4 Kh7 36. Be3 f5 37. Bg5 Rd6 38. Nf3 f6 39. Bh4 f4 0-1

[Event "Mauricie op"]
[Site "Shawinigan CAN"]
[Date "1975.11.01"]
[Round "3"]
[White "Spraggett, Kevin"]
[Black "Picard, Bernard"]
[Result "1-0"]
[WhiteElo "2212"]
[BlackElo "1494"]
[PlyCount "71"]
[EventDate "1975.11.01"]
[EventType "swiss"]
[EventRounds "5"]
[EventCountry "CAN"]

1. e4 e5 2. Nf3 Nc6 3. Bb5 a6 4. Ba4 Nf6 5. O-O Be7 6. Re1 b5 7. Bb3 O-O 8. c3
d6 9. h3 Na5 10. Bc2 c5 11. d4 Nd7 12. dxc5 dxc5 13. Nbd2 f6 14. Nh4 Nb6 15.
Qf3 Be6 16. Nf5 Nc6 17. Nf1 Nc8 18. Be3 Bxf5 19. exf5 Qe8 20. a4 Rb8 21. axb5
axb5 22. Bxc5 Bxc5 23. Qd5+ Kh8 24. Qxc5 N8e7 25. Ne3 b4 26. Nc4 Nc8 27. Ba4
N8a7 28. Qxa7 Nxa7 29. Bxe8 bxc3 30. bxc3 Rfxe8 31. Rxa7 Rec8 32. Re4 h5 33.
Rh4 Kg8 34. Nd6 Rxc3 35. Rxh5 Rd3 36. Nf7 1-0

[Event "CAN-op"]
[Site "Calgary CAN"]
[Date "1975.07.26"]
[Round "1"]
[White "Allan, Phillip"]
[Black "Spraggett, Kevin"]
[Result "0-1"]
[WhiteElo "1199"]
[BlackElo "2287"]
[PlyCount "50"]
[EventDate "1975.07.26"]
[EventType "swiss"]
[EventRounds "10"]
[EventCountry "CAN"]

1. e4 c5 2. Nf3 e6 3. d4 cxd4 4. Nxd4 Nf6 5. Bd3 Nc6 6. Nxc6 bxc6 7. Nd2 d5 8.
O-O Be7 9. Qe2 O-O 10. c4 a5 11. Re1 a4 12. cxd5 cxd5 13. exd5 Qxd5 14. Ne4 Bb7
15. Bg5 Kh8 16. f3 Rfd8 17. Bxf6 gxf6 18. Red1 f5 19. Nc3 Qc5+ 20. Kh1 a3 21.
Nb5 Bf6 22. Rac1 Qb6 23. Nxa3 Qxb2 24. Qxb2 Bxb2 25. Rb1 Rxa3 0-1

[Event "CAN-op"]
[Site "Calgary CAN"]
[Date "1975.07.31"]
[Round "7"]
[White "Taylor, Gordon"]
[Black "Spraggett, Kevin"]
[Result "0-1"]
[WhiteElo "2066"]
[BlackElo "2287"]
[PlyCount "92"]
[EventDate "1975.07.26"]
[EventType "swiss"]
[EventRounds "10"]
[EventCountry "CAN"]

1. d4 Nf6 2. Nf3 g6 3. c4 Bg7 4. g3 c5 5. Bg2 O-O 6. O-O Nc6 7. Nc3 cxd4 8.
Nxd4 Nxd4 9. Qxd4 d6 10. Qd3 a6 11. Bf4 Qa5 12. Rfd1 Qh5 13. Rac1 Ng4 14. h3
Ne5 15. Bxe5 Qxe5 16. Nd5 Rb8 17. b3 Re8 18. f4 Qb2 19. Rc2 Qa3 20. c5 dxc5 21.
Kh2 Kh8 22. Nxe7 c4 23. Qd6 Qxd6 24. Rxd6 Be6 25. Nd5 Bf8 26. Rb6 Bc5 27. Rxe6
Rxe6 28. Rxc4 Rc8 29. e4 Rec6 30. e5 b5 31. Re4 Rd8 32. Re2 Rcc8 33. Nf6 a5 34.
a4 bxa4 35. bxa4 Rd4 36. Ne4 Rxa4 37. Ng5 Kg7 38. e6 fxe6 39. Nxe6+ Kf6 40. g4
Bd6 41. g5+ Kf5 42. Bf3 Bxf4+ 43. Kg2 Bxg5 44. Bg4+ Rxg4+ 45. hxg4+ Kxg4 46.
Ra2 Bd8 0-1

[Event "CAN-op"]
[Site "Calgary CAN"]
[Date "1975.08.02"]
[Round "9"]
[White "Shamkovich, Leonid"]
[Black "Spraggett, Kevin"]
[Result "1/2-1/2"]
[WhiteElo "2505"]
[BlackElo "2287"]
[PlyCount "88"]
[EventDate "1975.07.26"]
[EventType "swiss"]
[EventRounds "10"]
[EventCountry "CAN"]

1. Nf3 f5 2. c4 Nf6 3. g3 g6 4. Bg2 Bg7 5. Nc3 d6 6. d4 O-O 7. O-O Nc6 8. d5
Na5 9. Qd3 c5 10. b3 a6 11. Bb2 Rb8 12. Nd2 Bd7 13. Nd1 b5 14. Bc3 Nb7 15. Rb1
Qc7 16. f4 Nd8 17. Nf2 Nf7 18. Rbe1 a5 19. e4 Nh5 20. exf5 Bxf5 21. Qe3 Bxc3
22. Qxc3 Ng7 23. cxb5 Rxb5 24. Re2 Re8 25. Rfe1 Kf8 26. Nc4 Qa7 27. Nb2 Rb4 28.
g4 Bc8 29. Re4 Bb7 30. a3 Rxe4 31. Bxe4 e6 32. Rd1 exd5 33. Bxd5 Bxd5 34. Rxd5
Re2 35. Nc4 Qe7 36. Kf1 Ne6 37. Rxd6 Nxd6 38. Qh8+ Kf7 39. Nxd6+ Qxd6 40. Qxh7+
Ng7 41. Kxe2 Qe6+ 42. Kd2 Qxb3 43. Nd3 Qd5 44. Ke3 Qd4+ 1/2-1/2

[Event "CAN-op"]
[Site "Calgary CAN"]
[Date "1975.08.03"]
[Round "10"]
[White "Spraggett, Kevin"]
[Black "Williams, Leo"]
[Result "1-0"]
[WhiteElo "2287"]
[BlackElo "2249"]
[PlyCount "83"]
[EventDate "1975.07.26"]
[EventType "swiss"]
[EventRounds "10"]
[EventCountry "CAN"]

1. e4 c5 2. Nf3 d6 3. d4 cxd4 4. Nxd4 Nf6 5. Nc3 e6 6. g4 h6 7. g5 hxg5 8. Bxg5
Nc6 9. h4 a6 10. Qd2 Qb6 11. Nb3 Bd7 12. O-O-O Qc7 13. Be2 O-O-O 14. f4 Be7 15.
h5 Kb8 16. Bh4 Bc8 17. Bf2 Nd7 18. Rhg1 Nc5 19. Qe3 Nxb3+ 20. axb3 Bf6 21. Kb1
b5 22. Bf3 Bb7 23. Rd2 Rhe8 24. Rgd1 d5 25. exd5 exd5 26. Qb6 Bxc3 27. Qxc7+
Kxc7 28. bxc3 Ne7 29. Bc5 Bc8 30. Re1 Nf5 31. Rxe8 Rxe8 32. Bxd5 Re1+ 33. Kb2
f6 34. Bf2 Re7 35. Bf3 Ne3 36. Rd3 Ng4 37. Bc5 Rf7 38. Bd6+ Kb6 39. Bb4 Nf2 40.
Rd6+ Kc7 41. Rc6+ Kd7 42. Bd5 1-0

[Event "Quebec op"]
[Site "Montreal CAN"]
[Date "1973.10.06"]
[Round "1"]
[White "Jobin, Gilles"]
[Black "Spraggett, Kevin"]
[Result "0-1"]
[WhiteElo "1800"]
[BlackElo "2195"]
[PlyCount "106"]
[EventDate "1973.10.06"]
[EventType "swiss"]
[EventRounds "6"]
[EventCountry "CAN"]

1. e4 c5 2. Nf3 e6 3. d4 cxd4 4. Nxd4 Nc6 5. Be2 a6 6. a3 Bc5 7. Nb3 Ba7 8. Nc3
Nge7 9. Bg5 O-O 10. f4 Qb6 11. Rf1 d5 12. Bf3 dxe4 13. Bxe4 Rd8 14. Qh5 Qe3+
15. Qe2 f6 16. Qxe3 Bxe3 17. Ke2 fxg5 18. Kxe3 gxf4+ 19. Rxf4 g6 20. Raf1 Nf5+
21. Ke2 e5 22. Bxc6 exf4 23. Bd5+ Kh8 24. Rxf4 Re8+ 25. Kd2 Be6 26. Nc5 Rad8
27. Re4 Bxd5 28. Rxe8+ Rxe8 29. Nxd5 Nd6 30. Kd3 Re1 31. Ne3 Kg7 32. a4 Kf7 33.
c4 Rb1 34. Kc2 Ra1 35. g4 Rh1 36. Kd3 Rxh2 37. b4 Rh3 38. Kd4 h5 39. Nd3 hxg4
40. Ne5+ Ke6 41. N3xg4 g5 42. c5 Nf5+ 43. Kc4 Ne3+ 44. Nxe3 Rxe3 45. Nd3 Re4+
46. Kc3 Kd5 47. b5 Rxa4 48. c6 bxc6 49. b6 Kd6 50. Nb2 Rf4 51. Kd3 Kd7 52. Kc3
Kc8 53. Nd3 Rf3 0-1

[Event "Quebec op"]
[Site "Montreal CAN"]
[Date "1973.10.08"]
[Round "5"]
[White "Biyiasas, Peter"]
[Black "Spraggett, Kevin"]
[Result "0-1"]
[WhiteElo "2408"]
[BlackElo "2224"]
[PlyCount "90"]
[EventDate "1973.10.06"]
[EventType "swiss"]
[EventRounds "6"]
[EventCountry "CAN"]

1. e4 c5 2. Nf3 e6 3. d4 cxd4 4. Nxd4 Nc6 5. Nc3 a6 6. g3 Nge7 7. Bg2 Nxd4 8.
Qxd4 Nc6 9. Qd2 Be7 10. b3 O-O 11. Bb2 Qc7 12. O-O-O d6 13. Kb1 b5 14. f4 Rd8
15. Rhe1 Bf8 16. Qe3 Rb8 17. Rd2 Bd7 18. Red1 b4 19. Ne2 a5 20. f5 e5 21. f6 g6
22. h4 h6 23. Bf3 a4 24. g4 Ra8 25. Ng3 axb3 26. cxb3 Qa5 27. Ba1 Na7 28. Be2
Nb5 29. Bxb5 Bxb5 30. Ne2 d5 31. exd5 Rxd5 32. a4 Rc5 33. Nc1 Bc6 34. Nd3 Rc3
35. Bxc3 bxc3 36. Nxe5 Qb4 37. Kc2 cxd2 38. Nxc6 Rc8 39. Qc3 Qe4+ 40. Kb2 Rxc6
41. Qxd2 Qe5+ 42. Qd4 Qxf6 43. Qxf6 Rxf6 44. a5 Ra6 45. Ra1 Bg7+ 0-1

[Event "Quebec op"]
[Site "Montreal CAN"]
[Date "1973.10.08"]
[Round "6"]
[White "Spraggett, Kevin"]
[Black "Dobrich, Vlad (Walter)"]
[Result "1/2-1/2"]
[WhiteElo "2224"]
[BlackElo "2270"]
[PlyCount "28"]
[EventDate "1973.10.06"]
[EventType "swiss"]
[EventRounds "6"]
[EventCountry "CAN"]

1. e4 e5 2. Nf3 Nc6 3. Bb5 a6 4. Ba4 Nf6 5. d3 d6 6. c3 Be7 7. Nbd2 O-O 8. Nf1
b5 9. Bc2 Re8 10. h3 d5 11. Qe2 h6 12. g4 dxe4 13. dxe4 Be6 14. Ne3 Bc5 1/2-1/2

[Event "Quebechecs I"]
[Site "Montreal CAN"]
[Date "1973.04.21"]
[Round "2"]
[White "Pregent, Guy"]
[Black "Spraggett, Kevin"]
[Result "0-1"]
[WhiteElo "2239"]
[BlackElo "1686"]
[PlyCount "38"]
[EventDate "1973.04.20"]
[EventType "swiss"]
[EventRounds "5"]
[EventCountry "CAN"]

1. Nf3 d6 2. g3 g6 3. Bg2 Bg7 4. c4 Nf6 5. Nc3 O-O 6. O-O e5 7. d3 Nbd7 8. Bd2
Nh5 9. Ng5 h6 10. Nh3 f5 11. f4 Nhf6 12. Rb1 a5 13. b3 Kh7 14. Kh1 Nc5 15. a3
Ne6 16. e3 Ng4 17. Nf2 exf4 18. Nxg4 fxg3 19. Nxh6 Qh4 0-1

[Event "Quebechecs I"]
[Site "Montreal CAN"]
[Date "1973.04.22"]
[Round "4"]
[White "Pageau, Roger"]
[Black "Spraggett, Kevin"]
[Result "0-1"]
[WhiteElo "2239"]
[BlackElo "1900"]
[PlyCount "96"]
[EventDate "1973.04.20"]
[EventType "swiss"]
[EventRounds "5"]
[EventCountry "CAN"]

1. d4 Nf6 2. c4 g6 3. Nc3 Bg7 4. e4 d6 5. Be2 O-O 6. h3 c5 7. d5 e6 8. Bg5 exd5
9. cxd5 h6 10. Bh4 Qa5 11. Qd2 a6 12. Bf3 Nbd7 13. Nge2 b5 14. O-O Re8 15. Bg3
Qc7 16. Rac1 b4 17. Nb1 Nxe4 18. Qxb4 Nxg3 19. Nxg3 Rb8 20. Qa4 Bxb2 21. Rc2
Bg7 22. Nd2 Re7 23. Nc4 Ne5 24. Nxe5 Rxe5 25. Qc6 Qd8 26. Rd1 Rb6 27. Qa8 Re8
28. Re2 Be5 29. Ne4 Kg7 30. a4 Qc7 31. a5 Bd7 32. axb6 Qxb6 33. Nxc5 Rxa8 34.
Nxd7 Qb3 35. Rxe5 dxe5 36. Nxe5 Re8 37. Nc6 Qxd1+ 38. Bxd1 Re1+ 39. Kh2 Rxd1
40. Kg3 Rxd5 41. Kf3 Rc5 42. Nb4 a5 43. Nd3 Rc3 44. Ke4 f5+ 45. Kd4 Rc2 46. g3
a4 47. f3 a3 48. Nb4 Rb2 0-1

[Event "Quebechecs I"]
[Site "Montreal CAN"]
[Date "1973.04.22"]
[Round "4"]
[White "Spraggett, Kevin"]
[Black "Schlosser, Emil"]
[Result "1/2-1/2"]
[WhiteElo "2239"]
[BlackElo "2088"]
[PlyCount "164"]
[EventDate "1973.04.20"]
[EventType "swiss"]
[EventRounds "5"]
[EventCountry "CAN"]

1. e4 e5 2. Nf3 Nc6 3. Bb5 a6 4. Ba4 d6 5. O-O Nf6 6. Re1 Be7 7. c3 O-O 8. h3
b5 9. Bb3 Na5 10. Bc2 c5 11. d4 Qc7 12. Nbd2 cxd4 13. cxd4 Nc6 14. d5 Nb4 15.
Bb1 a5 16. a3 Na6 17. Ra2 b4 18. axb4 Nxb4 19. Ra3 Nd7 20. Rc3 Qb7 21. Nc4 Nb6
22. Nfd2 Nxc4 23. Nxc4 Qa6 24. Ne3 Bg5 25. Qf3 Bd7 26. Nf5 Bxc1 27. Ne7+ Kh8
28. Rexc1 Rae8 29. Nc6 Bxc6 30. dxc6 Rc8 31. c7 f6 32. Rc4 h6 33. Bd3 Qb7 34.
Bf1 Rf7 35. Qa3 Rfxc7 36. Qxa5 Rxc4 37. Rxc4 Nc2 38. Rxc8+ Qxc8 39. Qd5 Qb8 40.
Bc4 Kh7 41. Kh2 Qc8 42. Qf7 Qb8 43. b3 Kh8 44. Kg3 Nb4 45. Kh4 Qd8 46. Kh5 f5
47. Qxf5 d5 48. exd5 Nxd5 49. Qxe5 Ne7 50. Bf7 Qc8 51. Kh4 Qd7 52. g4 Kh7 53.
Qe4+ g6 54. Kg3 Qd6+ 55. Kg2 Kg7 56. Bc4 Kf6 57. Bd3 Kg5 58. f4+ Kf6 59. Qe5+
Qxe5 60. fxe5+ Kxe5 61. Kf3 g5 62. Be4 Kd4 63. b4 Nc8 64. b5 Nb6 65. Bc6 Kd3
66. h4 Nc4 67. Kf2 Nb6 68. Bf3 Na4 69. Be2+ Kd4 70. hxg5 hxg5 71. Ke1 Ke3 72.
Bd1 Nb6 73. Bb3 Kd3 74. Bf7 Na4 75. Bg6+ Kc3 76. Ke2 Kd4 77. Kd2 Nb6 78. Kc2
Kc4 79. Bd3+ Kd4 80. Be2 Nd5 81. Kb3 Kc5 82. Bd3 Nf6 1/2-1/2

[Event "Leca da Palmeira op"]
[Site "Leca da Palmeira POR"]
[Date "2024.07.31"]
[Round "1.8"]
[White "Spraggett, Kevin"]
[Black "Khennous, Fares"]
[Result "1-0"]
[WhiteElo "2440"]
[BlackElo "2073"]
[PlyCount "97"]
[EventDate "2024.07.31"]
[EventType "swiss"]
[EventRounds "9"]
[EventCountry "POR"]
[Source "ChessMix"]
[SourceDate "2024.08.10"]

1. c4 e5 2. d3 Nf6 3. a3 d5 4. cxd5 Nxd5 5. Nf3 Nc6 6. e3 a5 7. b3 Be7 8. Bb2
Bf6 9. Nbd2 g6 10. Be2 O-O 11. Qc2 Bg7 12. O-O f5 13. Rad1 Qe7 14. Rfe1 g5 15.
d4 e4 16. Bc4 Be6 17. Ne5 Nxe5 18. dxe5 c6 19. f3 b5 20. Bf1 Nxe3 21. Rxe3 Qa7
22. Rde1 f4 23. Nxe4 fxe3 24. Kh1 Rad8 25. Nf6+ Bxf6 26. exf6 Rd2 27. Qc3 Bf7
28. h4 Rfd8 29. hxg5 R8d4 30. g3 Rd5 31. Bc1 Qc7 32. Qxe3 Rd1 33. Rxd1 Rxd1 34.
Kg2 Rd8 35. Qc3 Qd7 36. Be3 Re8 37. Bf2 Qd5 38. g4 Rc8 39. b4 axb4 40. axb4
Qxg5 41. Bd3 Bd5 42. Bf5 Rf8 43. Bc5 Qxf6 44. Qe3 Ra8 45. Kg3 Kf7 46. Bxh7 Re8
47. Qf4 Ra8 48. Qc7+ Ke8 49. Bg6+ 1-0

[Event "Leca da Palmeira op"]
[Site "Leca da Palmeira POR"]
[Date "2024.08.01"]
[Round "2.6"]
[White "Silva, Pedro Gil Ferreira "]
[Black "Spraggett, Kevin"]
[Result "1/2-1/2"]
[WhiteElo "2239"]
[BlackElo "2440"]
[PlyCount "67"]
[EventDate "2024.07.31"]
[EventType "swiss"]
[EventRounds "9"]
[EventCountry "POR"]
[Source "ChessMix"]
[SourceDate "2024.08.10"]

1. e4 c5 2. Nf3 d6 3. d4 cxd4 4. Nxd4 Nf6 5. Nc3 a6 6. Be3 e5 7. Nb3 Be6 8. h3
Be7 9. Qf3 Nbd7 10. g4 h6 11. O-O-O Rc8 12. Kb1 Qc7 13. Bd3 b5 14. Nd5 Bxd5 15.
exd5 Nb6 16. Bf5 Rd8 17. h4 g6 18. Be4 Nc4 19. Bc1 Rc8 20. g5 Nxe4 21. Qxe4 Qd7
22. gxh6 Qf5 23. f3 Kd7 24. Rdg1 Bf8 25. h5 Qxe4 26. fxe4 Bxh6 27. Bxh6 Rxh6
28. hxg6 Rxh1 29. Rxh1 fxg6 30. Rh7+ Ke8 31. Rh8+ Kd7 32. Rh7+ Ke8 33. Rh8+ Kd7
34. Rh7+ 1/2-1/2

[Event "Leca da Palmeira op"]
[Site "Leca da Palmeira POR"]
[Date "2024.08.01"]
[Round "3.19"]
[White "Spraggett, Kevin"]
[Black "Silva, Miguel Antonio Neto"]
[Result "1/2-1/2"]
[WhiteElo "2440"]
[BlackElo "2192"]
[PlyCount "42"]
[EventDate "2024.07.31"]
[EventType "swiss"]
[EventRounds "9"]
[EventCountry "POR"]
[Source "ChessMix"]
[SourceDate "2024.08.10"]

1. c4 c6 2. e4 d5 3. exd5 cxd5 4. cxd5 Nf6 5. Nc3 Nxd5 6. Nf3 e6 7. Bc4 Nxc3 8.
bxc3 Bd6 9. O-O O-O 10. d4 h6 11. Bd3 Nd7 12. Re1 Qc7 13. c4 b6 14. Bb2 Bb7 15.
h3 Rac8 16. Rc1 Rfe8 17. Bf1 Rcd8 18. Qb3 Qb8 19. Rcd1 Qc7 20. Rc1 Qb8 21. Rcd1
Qc7 1/2-1/2

[Event "Leca da Palmeira op"]
[Site "Leca da Palmeira POR"]
[Date "2024.08.02"]
[Round "4.9"]
[White "Balbuena Fuentes, Mario"]
[Black "Spraggett, Kevin"]
[Result "1-0"]
[WhiteElo "2312"]
[BlackElo "2440"]
[PlyCount "85"]
[EventDate "2024.07.31"]
[EventType "swiss"]
[EventRounds "9"]
[EventCountry "POR"]
[Source "ChessMix"]
[SourceDate "2024.08.10"]

1. e4 c5 2. Nf3 d6 3. d4 cxd4 4. Nxd4 Nf6 5. Nc3 Nc6 6. Bg5 Bd7 7. Qd2 a6 8.
O-O-O e6 9. Kb1 Nxd4 10. Qxd4 Be7 11. f3 Qc7 12. Qd2 b5 13. g4 h5 14. gxh5 Nxh5
15. Bxe7 Kxe7 16. Bd3 Nf6 17. f4 b4 18. Ne2 a5 19. Rhg1 g6 20. Nd4 Rh5 21. f5
e5 22. Nb5 Bxb5 23. Bxb5 gxf5 24. exf5 Rah8 25. Rg2 Rh4 26. Rc1 Qc5 27. Bd3 a4
28. c3 b3 29. a3 e4 30. Re1 Qe5 31. Ree2 R8h5 32. Qe3 Rxf5 33. Qa7+ Kf8 34.
Qb8+ Ne8 35. Rg1 Rhf4 36. Reg2 Ke7 37. Rg8 Kd7 38. Bb5+ Qxb5 39. Qxe8+ Kc7 40.
Qc8+ Kb6 41. Qb8+ Kc6 42. Rc8+ Kd7 43. Rd8+ 1-0